000 00331nam a2200157 i 4500
001 bg
245 0 _aCzas.
260 _aWarszawa,
_c1983.
490 1 _aBiblioteczka Delty
830 _aBiblioteczka Delty
040 _cBPK
041 _apol
080 _a529:530.1
942 _cKS
008 s pl f |000 0 pol
999 _c1911
_d1911
856 _uhttp://koha.tu.koszalin.pl/cgi-bin/koha/opac-detail.pl?biblionumber=1911
_yKatalog online BPK